[Event "Open de Provence 2015 B"]
[Site "Salon de Provence"]
[Date "2015.07.04"]
[Round "1.1"]
[White "Montanelli, Tristan"]
[Black "Faillat, Alois"]
[Result "*"]
[WhiteElo "1694"]
[BlackElo "1430"]
[PlyCount "51"]
[EventDate "2015.??.??"]

1. f4 d5 2. Nf3 Nc6 3. g3 e6 4. Bg2 Nf6 5. b3 b6 6. O-O Bb7 7. Bb2 Bc5+ 8. d4
Bf8 9. Re1 Qd7 10. Nbd2 h6 11. e3 Be7 12. a3 O-O-O 13. c4 dxc4 14. Nxc4 Ne4 15.
Ncd2 Nxd2 16. Nxd2 f6 17. Nf3 g5 18. Qc2 Rdg8 19. Rac1 Nd8 20. Red1 Nf7 21. Ne5
Nxe5 22. dxe5 Qxd1+ 23. Rxd1 Bxg2 24. Kxg2 gxf4 25. exf4 h5 26. Qc6 *

[Event "Open de Provence 2015 B"]
[Site "Salon de Provence"]
[Date "2015.07.04"]
[Round "1.2"]
[White "Bohli, Adam"]
[Black "Courtois, Jean-Baptiste"]
[Result "*"]
[WhiteElo "1428"]
[BlackElo "1690"]
[PlyCount "87"]
[EventDate "2015.??.??"]

1. Nf3 Nf6 2. d4 e6 3. c4 c5 4. Bg5 cxd4 5. Nxd4 Qb6 6. Nb3 Ne4 7. Be3 Bb4+ 8.
N1d2 Nxd2 9. Bxd2 Nc6 10. e3 a5 11. Bxb4 Qxb4+ 12. Qd2 a4 13. Nd4 Qxd2+ 14.
Kxd2 Ra5 15. Nb5 O-O 16. Bd3 b6 17. Rac1 Nb4 18. a3 Nxd3 19. Kxd3 Bb7 20. f3 d5
21. Nd6 dxc4+ 22. Nxc4 Rd8+ 23. Ke2 Ba6 24. Kf2 Rad5 25. Nxb6 Rd2+ 26. Kg3 Rxb2
27. Nxa4 Rb3 28. Rc3 Rd3 29. Rhc1 Kf8 30. Rxb3 Rxb3 31. Rc3 Rxc3 32. Nxc3 Ke7
33. Kf4 Kd6 34. Ne4+ Kd5 35. Ng5 f6 36. Nxh7 Kc4 37. Nf8 g5+ 38. Kg4 Bc8 39.
Nh7 Kd3 40. e4 f5+ 41. exf5 exf5+ 42. Kxg5 Ke3 43. h4 Kf2 44. g4 *

[Event "Open de Provence 2015 B"]
[Site "Salon de Provence"]
[Date "2015.07.04"]
[Round "1.3"]
[White "Noireaut, Hoan"]
[Black "Misene, Milan"]
[Result "*"]
[WhiteElo "1667"]
[BlackElo "1417"]
[PlyCount "55"]
[EventDate "2015.??.??"]

1. d4 Nf6 2. Bf4 d5 3. e3 e6 4. Bd3 c5 5. c3 Bd6 6. Bg3 cxd4 7. exd4 Bxg3 8.
hxg3 Nc6 9. Nf3 Qe7 10. Qe2 a6 11. Nbd2 b5 12. a3 Bb7 13. Nb3 g6 14. Nc5 Rb8
15. Ne5 Nxe5 16. Qxe5 O-O 17. O-O-O Kg7 18. g4 Kg8 19. g5 Nd7 20. Nxd7 Qxd7 21.
Rh6 Qe7 22. Rdh1 f6 23. gxf6 Qxf6 24. Rxh7 Qxe5 25. dxe5 Rbc8 26. Rh8+ Kf7 27.
R1h7+ Ke8 28. Bxg6+ *

[Event "Open de Provence 2015 B"]
[Site "Salon de Provence"]
[Date "2015.07.04"]
[Round "1.4"]
[White "Boghossian, Hugo"]
[Black "Oziol, Joris"]
[Result "*"]
[WhiteElo "1398"]
[BlackElo "1666"]
[PlyCount "63"]
[EventDate "2015.??.??"]

1. e4 d6 2. d4 g6 3. Nc3 Bg7 4. f4 Nf6 5. e5 Nfd7 6. Nf3 dxe5 7. fxe5 c6 8. Bc4
O-O 9. e6 fxe6 10. Bxe6+ Kh8 11. Ng5 Qe8 12. Qd3 Nf6 13. Qc4 h6 14. Bxc8 Qxc8
15. Ne6 Rg8 16. O-O Na6 17. Re1 Qd7 18. Nxg7 Rxg7 19. Bxh6 Rh7 20. Bf4 Nc7 21.
Be5 Rf8 22. Qd3 Kg7 23. Qe2 Rf7 24. Ne4 Ne6 25. Qg4 Rh5 26. Rad1 Kh7 27. Qe2
Nxe4 28. Qxe4 Nf8 29. Rf1 Rhf5 30. Qh4+ Rh5 31. Rxf7+ Kg8 32. Qxe7 *

[Event "Open de Provence 2015 B"]
[Site "Salon de Provence"]
[Date "2015.07.04"]
[Round "1.5"]
[White "Nguyen, Patrick"]
[Black "Konate, Salma"]
[Result "1-0"]
[WhiteElo "1654"]
[BlackElo "1373"]
[PlyCount "117"]
[EventDate "2015.??.??"]

1. e4 e6 2. d4 d5 3. Nc3 Nf6 4. Bg5 Be7 5. e5 Ne4 6. Bxe7 Qxe7 7. Nxe4 dxe4 8.
Qd2 O-O 9. Ne2 Nc6 10. O-O-O f5 11. f4 Nb4 12. Kb1 Nd5 13. c4 Nb6 14. Qc3 Bd7
15. g3 Rab8 16. Bg2 Na4 17. Qc2 c5 18. b3 Nb6 19. dxc5 Qxc5 20. Rd4 Rfe8 21.
Rhd1 Bc6 22. Bh1 Qe7 23. Qd2 e3 24. Qxe3 Bxh1 25. Rxh1 Red8 26. Rhd1 Rxd4 27.
Qxd4 Qf7 28. Nc3 Qh5 29. Rd2 Qf3 30. Qd6 Re8 31. Nb5 Qe4+ 32. Kb2 Nc8 33. Qd4
Qxd4+ 34. Rxd4 a6 35. Nd6 Rd8 36. Kc3 Nxd6 37. Rxd6 Rxd6 38. exd6 Kf7 39. c5
Ke8 40. Kd4 Kd7 41. Ke5 a5 42. a3 g6 43. b4 a4 44. b5 h6 45. c6+ bxc6 46. bxc6+
Kxc6 47. Kxe6 Kc5 48. d7 Kd4 49. d8=Q+ Ke3 50. Ke5 Kf3 51. Qd3+ Kg4 52. Kd4 h5
53. Ke5 g5 54. Qe2+ Kh3 55. Qf1+ Kg4 56. Qg2 h4 57. gxh4+ Kxh4 58. Qg3+ Kh5 59.
Qxg5# 1-0

[Event "Open de Provence 2015 B"]
[Site "Salon de Provence"]
[Date "2015.07.04"]
[Round "1.6"]
[White "Maccagno, Gilbert"]
[Black "Mars, Theo"]
[Result "*"]
[WhiteElo "1366"]
[BlackElo "1634"]
[PlyCount "80"]
[EventDate "2015.??.??"]

1. d4 d5 2. c4 c6 3. cxd5 cxd5 4. Nc3 Nf6 5. Bf4 Nc6 6. Nf3 e6 7. g3 Qa5 8. Bg2
Ne4 9. Qc1 Bb4 10. Bd2 Nxd2 11. Qxd2 O-O 12. O-O a6 13. a3 Bd6 14. Rac1 b5 15.
e3 Bb7 16. Ra1 Qb6 17. Rfc1 Na5 18. Qd1 Nc4 19. Rc2 Rac8 20. Ne1 Rc7 21. Nd3
Rfc8 22. Rac1 Qa5 23. Na2 Qa4 24. Qe2 Qb3 25. Nc3 Nxa3 26. bxa3 Rxc3 27. Rxc3
Rxc3 28. Rxc3 Qxc3 29. Nc5 Bxc5 30. dxc5 Qxc5 31. Qb2 a5 32. h3 b4 33. axb4
axb4 34. Qe5 h6 35. Bf3 Kh7 36. g4 Qc3 37. Qf4 b3 38. Qxf7 b2 39. Qxb7 Qc1+ 40.
Kg2 b1=Q *

[Event "Open de Provence 2015 B"]
[Site "Salon de Provence"]
[Date "2015.07.04"]
[Round "1.7"]
[White "Mars, Fiona"]
[Black "Ulloa, Philippe"]
[Result "*"]
[WhiteElo "1611"]
[BlackElo "1341"]
[PlyCount "77"]
[EventDate "2015.??.??"]

1. e4 e5 2. Nf3 d6 3. d4 exd4 4. Nxd4 c5 5. Bb5+ Nd7 6. Nf3 a6 7. Be2 Ngf6 8.
Nc3 b5 9. a3 h6 10. O-O Be7 11. Bf4 Nb6 12. b4 c4 13. Nd4 Bd7 14. Bf3 Ra7 15.
Nf5 Bxf5 16. exf5 O-O 17. Re1 Re8 18. Be3 Qc7 19. Nd5 Nfxd5 20. Bxd5 Rb8 21.
Qf3 Qd8 22. Rad1 Rc7 23. Be4 Nd7 24. Qg3 Bh4 25. Qxd6 Qc8 26. Bf4 Bd8 27. Bf3
Rb6 28. Re8+ Kh7 29. Qxc7 Qxc7 30. Bxc7 Bxc7 31. Rxd7 Bd6 32. Rdd8 g5 33. fxg6+
Kxg6 34. g3 Kf6 35. Rh8 Ke7 36. Rde8+ Kd7 37. Bg4+ Kc7 38. Rc8+ Kb7 39. Bf3+ *

[Event "Open de Provence 2015 B"]
[Site "Salon de Provence"]
[Date "2015.07.04"]
[Round "1.8"]
[White "Bouriel, Michel"]
[Black "Bartolomei, Romain"]
[Result "*"]
[WhiteElo "1497"]
[BlackElo "1289"]
[PlyCount "58"]
[EventDate "2015.??.??"]

1. c4 e5 2. Nc3 f5 3. d3 Nf6 4. g3 g6 5. Bg2 Bg7 6. Bg5 h6 7. Bxf6 Bxf6 8. Qb3
c6 9. Nf3 d6 10. O-O O-O 11. Rac1 Qc7 12. e4 Be6 13. exf5 Bxf5 14. Rfd1 Nd7 15.
Qc2 Qb6 16. a3 Nc5 17. b4 Ne6 18. b5 Rab8 19. bxc6 bxc6 20. Rb1 Qc7 21. Na2 a5
22. Nd2 Nd4 23. Qa4 Bxd3 24. Rxb8 Rxb8 25. Re1 Bc2 26. Qxc2 Nxc2 27. Rc1 Nd4
28. Nc3 Bg5 29. Nde4 Ne2+ *

[Event "Open de Provence 2015 B"]
[Site "Salon de Provence"]
[Date "2015.07.04"]
[Round "1.9"]
[White "Philippe, Alexis"]
[Black "Frailinu, Jean-Bernard"]
[Result "*"]
[WhiteElo "1268"]
[BlackElo "1495"]
[PlyCount "43"]
[EventDate "2015.??.??"]

1. d4 d5 2. c4 c6 3. Nc3 e6 4. Nf3 Nf6 5. Bg5 Bb4 6. e3 Qa5 7. Qb3 Ne4 8. Rc1
Nxg5 9. Nxg5 dxc4 10. Bxc4 Bxc3+ 11. Rxc3 Qxg5 12. O-O O-O 13. f4 Qe7 14. Rf3
Nd7 15. Qc2 Nf6 16. Qf2 Ne4 17. Qc2 Nxc3 18. Rh3 g6 19. bxc3 e5 20. Rg3 exf4
21. exf4 Qe1+ 22. Bf1 *

[Event "Open de Provence 2015 B"]
[Site "Salon de Provence"]
[Date "2015.07.04"]
[Round "1.10"]
[White "Graells, Christian"]
[Black "Person, Claude"]
[Result "1-0"]
[WhiteElo "1491"]
[BlackElo "1227"]
[PlyCount "81"]
[EventDate "2015.??.??"]

1. e4 c5 2. Nf3 e6 3. c3 Nc6 4. Be2 d5 5. exd5 Qxd5 6. d4 Be7 7. O-O h6 8. Na3
Nf6 9. Nb5 Bd8 10. c4 Qd7 11. dxc5 Qxd1 12. Rxd1 O-O 13. Nd6 Bc7 14. a4 Nd7 15.
Nxc8 Nxc5 16. Nd6 Nb3 17. Rb1 Nc5 18. b4 Nxa4 19. Rb3 Rab8 20. c5 a6 21. Bf4 b5
22. cxb6 Nxb6 23. Bxa6 f6 24. Be3 Nd5 25. Bc5 Rfd8 26. Ne4 f5 27. Ng3 Bxg3 28.
hxg3 g5 29. Bc4 Na5 30. bxa5 Rxb3 31. Bxb3 Rc8 32. Bb4 Nc3 33. Bxe6+ Kg7 34.
Rd7+ Kf6 35. Nd4 Ne4 36. Be7+ Kg7 37. Bxg5+ Kh8 38. Bxh6 Rb8 39. Bf4 Rb1+ 40.
Kh2 Nxf2 41. Be5# 1-0

[Event "Open de Provence 2015 B"]
[Site "Salon de Provence"]
[Date "2015.07.04"]
[Round "1.11"]
[White "Pietrac, Christian"]
[Black "Malsan, Raynal"]
[Result "*"]
[WhiteElo "1203"]
[BlackElo "1484"]
[PlyCount "106"]
[EventDate "2015.??.??"]

1. Nf3 Nf6 2. d3 d5 3. g3 b6 4. Bg2 Bb7 5. Bg5 Nbd7 6. O-O h6 7. Bf4 e6 8. Nbd2
Be7 9. Re1 g5 10. Be5 g4 11. Bxf6 Bxf6 12. Nh4 Bxh4 13. gxh4 Qxh4 14. Nf1 O-O-O
15. d4 f5 16. e3 Nf6 17. Ng3 Ne4 18. Nxe4 fxe4 19. a4 Rdf8 20. Qd2 Rhg8 21. b4
a6 22. Rf1 Rf3 23. Kh1 g3 24. fxg3 Rfxg3 25. Rg1 R3g5 26. Raf1 Rh5 27. h3 Rg3
28. Rf8+ Kd7 29. Rgf1 Rxh3+ 30. Bxh3 Qxh3+ 31. Kg1 Rg5+ 32. Kf2 Rg2+ 33. Ke1
Rxd2 34. Kxd2 h5 35. b5 Qg2+ 36. R1f2 Qg5 37. R8f7+ Kd6 38. Rf8 axb5 39. axb5
h4 40. R2f6 h3 41. Rf2 Qh4 42. R8f4 Qg3 43. Rf1 h2 44. R4f2 Qxf2+ 45. Rxf2 h1=Q
46. Re2 c6 47. Re1 Qf3 48. Kc3 cxb5 49. Kb4 Qf2 50. Rh1 Bc6 51. Kb3 Qxe3+ 52.
c3 Qd3 53. Kb2 e3 *

[Event "Open de Provence 2015 B"]
[Site "Salon de Provence"]
[Date "2015.07.04"]
[Round "1.12"]
[White "Mautret-Godard, Titouan"]
[Black "Aicardo, Hadrien"]
[Result "*"]
[WhiteElo "1462"]
[BlackElo "1200"]
[PlyCount "68"]
[EventDate "2015.??.??"]

1. d4 d5 2. c4 dxc4 3. e4 Nf6 4. Nc3 Nc6 5. Nf3 Bg4 6. Be3 g6 7. Bxc4 Bg7 8. h3
Bxf3 9. gxf3 O-O 10. Qd2 Qd7 11. h4 Rfd8 12. Nd5 e6 13. Nxf6+ Bxf6 14. Rd1 Nxd4
15. Bxd4 Bxd4 16. Qd3 Qe7 17. Qd2 Bg7 18. Qf4 Rxd1+ 19. Kxd1 Qd6+ 20. Qxd6 cxd6
21. b3 d5 22. Bd3 d4 23. Ke2 e5 24. Rc1 Bf6 25. Rc7 b6 26. Bc4 Rf8 27. Rxa7
Bxh4 28. Rb7 Bd8 29. a4 h5 30. b4 h4 31. Rd7 h3 32. Kf1 Kg7 33. Kg1 Kf6 34. Kh2
Be7 *

[Event "Open de Provence 2015 B"]
[Site "Salon de Provence"]
[Date "2015.07.04"]
[Round "1.13"]
[White "Borrini, Rodrigue"]
[Black "Chabaud, Philippe"]
[Result "0-1"]
[WhiteElo "1150"]
[BlackElo "1461"]
[PlyCount "74"]
[EventDate "2015.??.??"]

1. e4 e6 2. c4 Nc6 3. Nc3 Bc5 4. Nf3 Nge7 5. d4 Bb4 6. a3 Bxc3+ 7. bxc3 d5 8.
e5 Bd7 9. cxd5 Nxd5 10. Bb2 Qe7 11. c4 Nb6 12. d5 exd5 13. cxd5 Na5 14. g3 Bg4
15. Bg2 O-O-O 16. O-O Rxd5 17. Qc2 Nac4 18. Rfe1 Rhd8 19. Ng5 Rd2 20. Qe4 Qxg5
21. Qxb7+ Kd7 22. Qc6+ Ke7 23. Qxc7+ R8d7 24. Qc5+ Ke8 25. Bc6 Nxb2 26. Bxd7+
Bxd7 27. Ra2 Nd3 28. Qd4 Nxe1 29. Qa1 Rxa2 30. Qxa2 Qc1 31. h4 Nd3+ 32. Kg2
Bc6+ 33. f3 Ne1+ 34. Kf2 Nxf3 35. e6 Qg1+ 36. Ke2 Qe1+ 37. Kd3 Be4# 0-1

[Event "Open de Provence 2015 B"]
[Site "Salon de Provence"]
[Date "2015.07.04"]
[Round "1.14"]
[White "Monteiro, Georges"]
[Black "Boghossian, Lucie"]
[Result "*"]
[WhiteElo "1450"]
[BlackElo "1100"]
[PlyCount "77"]
[EventDate "2015.??.??"]

1. e4 c5 2. Nf3 d6 3. d4 cxd4 4. Nxd4 Nf6 5. Nc3 g6 6. Bc4 Bg7 7. O-O O-O 8. f3
Nc6 9. Be3 Bd7 10. Qd2 Ne5 11. Bb3 a6 12. Bh6 Bb5 13. Ndxb5 axb5 14. Bxg7 Kxg7
15. Nxb5 Qb6+ 16. Nd4 Nc6 17. c3 Nxd4 18. cxd4 d5 19. e5 Nd7 20. Bxd5 Nxe5 21.
Kh1 Nc6 22. Bxc6 Qxc6 23. d5 Rad8 24. dxc6 Rxd2 25. cxb7 Rxb2 26. Rfb1 Rxb1+
27. Rxb1 h5 28. b8=Q Rxb8 29. Rxb8 g5 30. a4 g4 31. f4 h4 32. a5 h3 33. g3 f6
34. a6 e5 35. fxe5 fxe5 36. Rb6 e4 37. Kg1 e3 38. a7 e2 39. Kf2 *

[Event "Open de Provence 2015 B"]
[Site "Salon de Provence"]
[Date "2015.07.04"]
[Round "1.15"]
[White "Salvi, Angele"]
[Black "Guyard, Gerard"]
[Result "0-1"]
[WhiteElo "1064"]
[BlackElo "1442"]
[PlyCount "40"]
[EventDate "2015.??.??"]

1. e4 Nf6 2. Nc3 e5 3. Nf3 Nc6 4. d4 exd4 5. Nxd4 Bb4 6. Qd3 O-O 7. Bf4 Qe8 8.
f3 Nd5 9. Bd2 Nxc3 10. bxc3 Be7 11. Nb5 Qd8 12. O-O-O a6 13. Kb1 axb5 14. Qxb5
Ra5 15. Qe2 d6 16. f4 Be6 17. Kb2 Rxa2+ 18. Kb1 Qa8 19. c4 Ra1+ 20. Kb2 Qa3#
0-1

[Event "Open de Provence 2015 B"]
[Site "Salon de Provence"]
[Date "2015.07.04"]
[Round "1.16"]
[White "Amoros, Jean"]
[Black "Mars, Florence"]
[Result "*"]
[WhiteElo "1437"]
[BlackElo "1062"]
[PlyCount "54"]
[EventDate "2015.??.??"]

1. e4 c5 2. d4 cxd4 3. c3 dxc3 4. Nxc3 Nc6 5. Bc4 d6 6. Be3 Nf6 7. Qb3 e6 8.
O-O-O Be7 9. h3 O-O 10. Qc2 a6 11. f4 b5 12. Bd3 Bd7 13. Kb1 Nb4 14. Qd2 Nxd3
15. Qxd3 Bc6 16. e5 b4 17. exf6 Bxf6 18. Ne4 Bxe4 19. Qxe4 d5 20. Qd3 a5 21.
Nf3 Rc8 22. h4 Qd7 23. Ng5 Bxg5 24. hxg5 g6 25. Qd4 b3 26. axb3 Qe7 27. Rxh7
Kxh7 *

[Event "Open de Provence 2015 B"]
[Site "Salon de Provence"]
[Date "2015.07.04"]
[Round "2.1"]
[White "Chabaud, Philippe"]
[Black "Montanelli, Tristan"]
[Result "0-1"]
[WhiteElo "1461"]
[BlackElo "1694"]
[PlyCount "78"]
[EventDate "2015.??.??"]

1. d4 g6 2. c4 Bg7 3. Nc3 c5 4. e3 cxd4 5. exd4 d6 6. Be3 Nf6 7. Be2 O-O 8. Nf3
Qa5 9. O-O Bd7 10. a3 a6 11. b4 Qd8 12. Rc1 Re8 13. Qb3 a5 14. b5 b6 15. Rfd1
h6 16. Na4 Ng4 17. Bf4 e5 18. dxe5 dxe5 19. Bg3 e4 20. Nh4 Qf6 21. Rd6 Qg5 22.
Rcd1 Be6 23. Nxb6 Ra7 24. h3 Ne5 25. Qe3 Qxe3 26. fxe3 g5 27. Rxe6 fxe6 28.
Bxe5 Bxe5 29. Bh5 Rf7 30. Ng6 Bc7 31. Na8 Bg3 32. b6 Nd7 33. b7 Nc5 34. Nh8
Rxb7 35. Bxe8 Kxh8 36. Bc6 Rb8 37. Nc7 Bxc7 38. Bb5 Bg3 39. a4 Kg7 0-1

[Event "Open de Provence 2015 B"]
[Site "Salon de Provence"]
[Date "2015.07.04"]
[Round "2.3"]
[White "Guyard, Gerard"]
[Black "Nguyen, Patrick"]
[Result "0-1"]
[WhiteElo "1442"]
[BlackElo "1654"]
[PlyCount "68"]
[EventDate "2015.??.??"]

1. d4 d5 2. c4 c6 3. Nc3 Nf6 4. Nf3 e6 5. g3 dxc4 6. Bg2 Nbd7 7. O-O b5 8. a3
Bb7 9. Bg5 Be7 10. Qc2 a6 11. Rad1 Qb6 12. e4 h6 13. Bxf6 Nxf6 14. b3 cxb3 15.
Qxb3 O-O 16. Na4 Qa7 17. Nc3 c5 18. d5 c4 19. Qb1 exd5 20. exd5 Rad8 21. Ne5
Bxa3 22. Qa1 Bc5 23. Nxb5 axb5 24. Qb1 Qb6 25. Nc6 Bxc6 26. dxc6 Rxd1 27. Qxd1
b4 28. Qa4 Ng4 29. Bd5 Nxf2 30. Kg2 c3 31. Qb3 Kh8 32. c7 Qxc7 33. Rxf2 Bxf2
34. Kxf2 c2 0-1

[Event "Open de Provence 2015 B"]
[Site "Salon de Provence"]
[Date "2015.07.04"]
[Round "2.4"]
[White "Mars, Theo"]
[Black "Amoros, Jean"]
[Result "1/2-1/2"]
[WhiteElo "1634"]
[BlackElo "1437"]
[PlyCount "92"]
[EventDate "2015.??.??"]

1. c4 Nf6 2. Nc3 e6 3. g3 d5 4. cxd5 exd5 5. d4 Bd6 6. Bg2 c6 7. Nf3 h6 8. O-O
Be6 9. h3 Qd7 10. Kh2 Qe7 11. a3 Nbd7 12. b4 Nb6 13. b5 c5 14. dxc5 Bxc5 15. a4
Rd8 16. e3 Qc7 17. Bb2 Nc4 18. Qc2 Bxe3 19. Nxd5 Nxd5 20. Ne5 Nxb2 21. Qxc7
Nxc7 22. fxe3 Rd2 23. Kg1 Nd5 24. Rfc1 O-O 25. Rc5 Nxe3 26. Bxb7 Bxh3 27. a5
Rfd8 28. b6 axb6 29. axb6 Ng4 30. Bf3 Nxe5 31. Rxe5 Rb8 32. b7 Nc4 33. Rb5 Rdd8
34. Ra8 Rxa8 35. bxa8=Q Rxa8 36. Bxa8 Be6 37. Bd5 Bxd5 38. Rxd5 f6 39. Kf2 Ne5
40. Ke3 Kf7 41. Kf4 Kg6 42. Rb5 Nd3+ 43. Ke3 Ne5 44. Rb7 h5 45. Ke4 Ng4 46. Rb8
Ne5 1/2-1/2

[Event "Open de Provence 2015 B"]
[Site "Salon de Provence"]
[Date "2015.07.04"]
[Round "2.5"]
[White "Favarel-Lubeigt, Helina"]
[Black "Mars, Fiona"]
[Result "0-1"]
[WhiteElo "1296"]
[BlackElo "1611"]
[PlyCount "100"]
[EventDate "2015.??.??"]

1. d4 Nf6 2. c4 g6 3. Nf3 Bg7 4. Nc3 d5 5. Bf4 c5 6. e3 Be6 7. Qb3 Qb6 8. Qxb6
axb6 9. Nb5 Na6 10. Nc7+ Nxc7 11. Bxc7 dxc4 12. Bxb6 cxd4 13. Nxd4 Bd5 14. Nb5
O-O 15. Bd4 Rfc8 16. Na7 Rc7 17. Nb5 Rd7 18. a3 Ra5 19. Nc3 Be6 20. Be2 Rg5 21.
g3 h5 22. h4 Ra5 23. Rc1 Bh6 24. Bxf6 exf6 25. Ne4 Bg7 26. O-O f5 27. Nc3 Rd2
28. Rfe1 Rc5 29. Rcd1 Rc2 30. Rc1 Bxc3 31. bxc3 Ra2 32. Ra1 Rb2 33. Rab1 Rcb5
34. Rxb2 Rxb2 35. Bf3 Rc2 36. Bxb7 Rxc3 37. Bf3 Rxa3 38. Rc1 c3 39. Bd1 Bc4 40.
Bc2 Ra2 41. Kg2 Kf8 42. Bb1 Rb2 43. Rxc3 Bd5+ 44. Kh3 Rxb1 45. e4 Bxe4 46. f3
Bd5 47. Rd3 Be6 48. f4 Bc4 49. Rc3 Bd5 50. Rd3 Rh1# 0-1

[Event "Open de Provence 2015 B"]
[Site "Salon de Provence"]
[Date "2015.07.04"]
[Round "2.6"]
[White "Frailinu, Jean-Bernard"]
[Black "Bohli, Adam"]
[Result "1-0"]
[WhiteElo "1495"]
[BlackElo "1428"]
[PlyCount "53"]
[EventDate "2015.??.??"]

1. c4 e5 2. Nc3 Nc6 3. Nf3 f5 4. d3 Nf6 5. g3 Bc5 6. Bg2 O-O 7. O-O Qe8 8. Be3
Bxe3 9. fxe3 Qg6 10. Nh4 Qg5 11. Qc1 Ng4 12. Nd5 Nd8 13. Nxc7 f4 14. exf4 exf4
15. Bd5+ Kh8 16. Nxa8 Nxh2 17. Ng2 Qxg3 18. Rxf4 Re8 19. Be4 Ng4 20. Kf1 Nh2+
21. Kg1 Ng4 22. Rxg4 Qxg4 23. Nc7 Rf8 24. Qe3 Nf7 25. Rf1 g6 26. Bd5 Kg7 27.
Ne8+ 1-0

[Event "Open de Provence 2015 B"]
[Site "Salon de Provence"]
[Date "2015.07.04"]
[Round "2.7"]
[White "Bartolomei, Romain"]
[Black "Graells, Christian"]
[Result "0-1"]
[WhiteElo "1289"]
[BlackElo "1491"]
[PlyCount "48"]
[EventDate "2015.??.??"]

1. e4 e5 2. Nf3 Nc6 3. d4 exd4 4. Nxd4 Bc5 5. Be3 Qf6 6. c3 Nge7 7. Bc4 Ne5 8.
Bb3 Qa6 9. Nd2 Nd3+ 10. Ke2 Nxb2+ 11. Bc4 Nxc4 12. Nxc4 Qxc4+ 13. Kd2 d6 14. f4
O-O 15. g4 b6 16. Qf3 Ba6 17. Bf2 Bb7 18. f5 Rae8 19. f6 gxf6 20. Qxf6 Bxe4 21.
Nf5 Qd3+ 22. Ke1 Nxf5 23. gxf5 Bxh1+ 24. Be3 Rxe3+ 0-1

[Event "Open de Provence 2015 B"]
[Site "Salon de Provence"]
[Date "2015.07.04"]
[Round "2.8"]
[White "Malsan, Raynal"]
[Black "Boghossian, Hugo"]
[Result "1-0"]
[WhiteElo "1484"]
[BlackElo "1398"]
[PlyCount "55"]
[EventDate "2015.??.??"]

1. e4 e5 2. Nf3 Nf6 3. Nxe5 d6 4. Nf3 Nxe4 5. d4 d5 6. Bd3 Bf5 7. O-O Bd6 8. c4
c6 9. Nc3 Nxc3 10. bxc3 Bxd3 11. Qxd3 Nd7 12. Re1+ Be7 13. Bg5 f6 14. Bf4 O-O
15. c5 b6 16. Bd6 Bxd6 17. cxd6 Nb8 18. Re6 Re8 19. Qf5 Nd7 20. Rxe8+ Qxe8 21.
Re1 Qd8 22. Qe6+ Kh8 23. Qf7 Qf8 24. Qxd7 c5 25. Qe7 Qxe7 26. Rxe7 cxd4 27.
Nxd4 Kg8 28. Ne6 1-0

[Event "Open de Provence 2015 B"]
[Site "Salon de Provence"]
[Date "2015.07.04"]
[Round "2.9"]
[White "Courtois, Jean-Baptiste"]
[Black "Mautret-Godard, Titouan"]
[Result "1-0"]
[WhiteElo "1690"]
[BlackElo "1462"]
[PlyCount "109"]
[EventDate "2015.??.??"]

1. e4 d6 2. Bc4 Nf6 3. d3 c6 4. Nc3 e6 5. Nf3 b5 6. Bb3 Nbd7 7. O-O Nb6 8. a3
Bb7 9. Be3 d5 10. e5 Ng4 11. d4 Nxe3 12. fxe3 a6 13. Ne2 c5 14. c3 c4 15. Bc2
Be7 16. g3 f5 17. Nf4 Qd7 18. h4 h6 19. Ng6 Rg8 20. Nh2 O-O-O 21. Qh5 Qe8 22.
g4 fxg4 23. Qxg4 Bf8 24. Nxf8 Rxf8 25. Rxf8 Qxf8 26. Qxe6+ Nd7 27. Rf1 Qe8 28.
Bf5 Qxe6 29. Bxe6 Re8 30. Bxd7+ Kxd7 31. Rf7+ Re7 32. Rf8 Re8 33. Rxe8 Kxe8 34.
Kf2 Kf7 35. Kf3 g5 36. Kg4 Kg6 37. hxg5 Bc8+ 38. Kg3 hxg5 39. Ng4 Kf5 40. Nf6
Be6 41. Kf3 Bf7 42. e4+ dxe4+ 43. Ke3 g4 44. Nxe4 Bd5 45. Nc5 a5 46. Nd7 g3 47.
Nf6 g2 48. Kf2 g1=Q+ 49. Kxg1 Be6 50. Kf2 Kf4 51. Ke2 Bf7 52. Nd7 Ke4 53. Nc5+
Kd5 54. Ke3 Bg8 55. Kf4 1-0

[Event "Open de Provence 2015 B"]
[Site "Salon de Provence"]
[Date "2015.07.04"]
[Round "2.10"]
[White "Aicardo, Hadrien"]
[Black "Oziol, Joris"]
[Result "0-1"]
[WhiteElo "1200"]
[BlackElo "1666"]
[PlyCount "64"]
[EventDate "2015.??.??"]

1. d4 d6 2. c4 g6 3. Nf3 Bg7 4. g3 Nf6 5. Bg2 O-O 6. Nbd2 Bf5 7. b3 c6 8. Bb2
Na6 9. Bc3 Qd7 10. O-O Bh3 11. Re1 Bxg2 12. Kxg2 d5 13. e3 Rac8 14. Qc2 Nc7 15.
e4 dxe4 16. Nxe4 Nxe4 17. Qxe4 e6 18. Rad1 Qe7 19. Rd2 Rfe8 20. Rde2 h6 21. Qh4
Qxh4 22. Nxh4 c5 23. Nf3 Rcd8 24. Rd1 e5 25. d5 e4 26. Bxg7 exf3+ 27. Kxf3 Rxe2
28. Kxe2 Kxg7 29. Ke3 f5 30. Kf4 Kf6 31. d6 Ne6+ 32. Kf3 Nd4+ 0-1

[Event "Open de Provence 2015 B"]
[Site "Salon de Provence"]
[Date "2015.07.04"]
[Round "2.11"]
[White "Person, Claude"]
[Black "Bouriel, Michel"]
[Result "0-1"]
[WhiteElo "1227"]
[BlackElo "1497"]
[PlyCount "95"]
[EventDate "2015.??.??"]

1. e4 c5 2. f4 d6 3. c3 Nf6 4. Bd3 g6 5. h3 Bg7 6. Qe2 O-O 7. Nf3 Nh5 8. Qf2
Nxf4 9. Bc2 b6 10. d3 Bh6 11. Be3 Nxg2+ 12. Qxg2 Bxe3 13. Ke2 Bh6 14. Nbd2 Nd7
15. Raf1 Nf6 16. Kd1 Bb7 17. Ng5 Rb8 18. h4 Nh5 19. Bb3 e6 20. Rf2 Qc7 21. Rhf1
Bxg5 22. hxg5 d5 23. Qh2 Qe7 24. Qe5 dxe4 25. dxe4 Rbd8 26. Kc1 Ba6 27. Bc4
Rxd2 28. Bxa6 Rxf2 29. Rxf2 f6 30. gxf6 Nxf6 31. Qg5 Qg7 32. Bd3 h6 33. Qg2 h5
34. Bc4 Re8 35. Re2 Qh6+ 36. Kc2 Ng4 37. Qf3 Ne5 38. Bxe6+ Rxe6 39. Qh3 Ng4 40.
Qd3 Qf8 41. Qd5 Qf7 42. Kb3 Nf6 43. Qc4 b5 44. Qd3 c4+ 45. Qxc4 bxc4+ 46. Kxc4
Rxe4+ 47. Kd3 Rxe2 48. Kxe2 0-1

[Event "Open de Provence 2015 B"]
[Site "Salon de Provence"]
[Date "2015.07.04"]
[Round "2.12"]
[White "Faillat, Alois"]
[Black "Philippe, Alexis"]
[Result "1-0"]
[WhiteElo "1430"]
[BlackElo "1268"]
[PlyCount "59"]
[EventDate "2015.??.??"]

1. e4 c5 2. Nf3 e6 3. d4 cxd4 4. Nxd4 Nf6 5. Nc3 d6 6. f3 Nbd7 7. Ndb5 Nc5 8.
Be3 b6 9. Bg5 a6 10. Bxf6 gxf6 11. Nd4 Bb7 12. b4 e5 13. Nf5 Ne6 14. Nd5 Bxd5
15. Qxd5 Rc8 16. Bxa6 Rxc2 17. Bb5+ Qd7 18. Bxd7+ Kxd7 19. Qb5+ Kc7 20. O-O Nf4
21. Rac1 Rxc1 22. Rxc1+ Kb7 23. Qd7+ Ka6 24. b5+ Ka5 25. Qa7+ Kb4 26. Rb1+ Kc3
27. Qc7+ Kd2 28. Qc1+ Kd3 29. Rb3+ Ke2 30. Re3# 1-0

[Event "Open de Provence 2015 B"]
[Site "Salon de Provence"]
[Date "2015.07.04"]
[Round "2.13"]
[White "Misene, Milan"]
[Black "Pietrac, Christian"]
[Result "1-0"]
[WhiteElo "1417"]
[BlackElo "1203"]
[PlyCount "39"]
[EventDate "2015.??.??"]

1. d4 d5 2. Nf3 Nf6 3. Bf4 Bg4 4. Nbd2 Ne4 5. Nxe4 Bxf3 6. exf3 dxe4 7. fxe4 g6
8. Bb5+ c6 9. Ba4 Bg7 10. c3 O-O 11. Qd2 Nd7 12. Bc2 Nb6 13. b3 a5 14. Bh6 a4
15. Bxg7 Kxg7 16. h4 Re8 17. h5 e5 18. hxg6 Kf8 19. Rxh7 f6 20. Qh6+ 1-0

[Event "Open de Provence 2015 B"]
[Site "Salon de Provence"]
[Date "2015.07.04"]
[Round "2.14"]
[White "Konate, Salma"]
[Black "Borrini, Rodrigue"]
[Result "1-0"]
[WhiteElo "1373"]
[BlackElo "1110"]
[PlyCount "90"]
[EventDate "2015.??.??"]

1. e4 e5 2. Bc4 Nf6 3. d3 Bc5 4. Nf3 d6 5. Be3 b6 6. c3 Bxe3 7. fxe3 c5 8. Qb3
O-O 9. Bd5 Be6 10. Bxe6 fxe6 11. Qxe6+ Kh8 12. Ng5 Qd7 13. O-O Re8 14. Qxd7
Nbxd7 15. Nf7+ Kg8 16. Nxd6 Rf8 17. Nd2 Rad8 18. N2c4 a6 19. a4 Nb8 20. Rad1
Nc6 21. h3 g6 22. d4 exd4 23. exd4 Na7 24. dxc5 b5 25. axb5 axb5 26. Nb6 Nc6
27. Rde1 Na5 28. e5 Ne8 29. Nxb5 Nb3 30. c6 Rf7 31. Rxf7 Kxf7 32. c7 Nxc7 33.
Nxc7 Nc5 34. e6+ Nxe6 35. Rxe6 Kg7 36. c4 Rd1+ 37. Kh2 Rc1 38. b4 Rb1 39. Nbd5
Rc1 40. c5 Rf1 41. b5 Rf8 42. Re7+ Kh6 43. b6 Rd8 44. b7 Rb8 45. c6 Rd8 1-0